000 01050nam a2200301 a 4500
001 000014781
003 DO-SdBNP
005 20250607073643.0
007 ta
008 100122s 2009 dr a 001 0 spa d
020 _a9789945436464
040 _aDO-SdBNP
_bspa
_cBNPHU
082 4 _aBNPHU 613.0433
_bR426n, 2009
110 1 _aRepública Dominicana.
_b Secretaria de Estado de Salud Pública y Asistencia Social (2001)
_956549
245 1 0 _aNormas nacionales para la atención integral de adolescentes.
250 _a3a ed. rev. y corr.
260 _aSanto Domingo :
_bSESPAS,
_c2009.
300 _a197 p. :
_bil. ;
_c22 cm.
490 1 _aNormas nacionales
_v13
590 _aInventariado, 2018/LP
650 4 _aSalud del adolecente
_xNormas
_933504
650 4 _aAtención médica integral
_xNormas
_933505
650 4 _aEducación sexual para jóvenes
_9908
650 4 _aSalud pública
_zRepública Dominicana
_xNormas
_91409
830 0 _aNormas nacionales ;
_n13
_933506
910 _aValidado. Control de calidad MFF
942 _2ddc
_cLBS1
999 _c14363
_d14363